|
|
|
|
| LEADER |
00000cam a2200000 a 4500 |
| 001 |
UCF3655 |
| 003 |
CL-VaPUC |
| 008 |
121025e20080900SP |||||||||||||||||spa|d |
| 020 |
|
|
|a 9788431325671
|
| 082 |
0 |
4 |
|a 370.1
|b NAV
|2 21
|
| 100 |
|
|
|a Naval, Concepción
|e autora
|9 584534
|
| 245 |
1 |
0 |
|a Enseñar y aprender: una propuesta didáctica
|
| 250 |
|
|
|a 1a. ed
|
| 300 |
|
|
|a 179 p
|
| 942 |
|
|
|c BK
|
| 945 |
|
|
|d 20121025 00:00:00
|a dcastane
|
| 260 |
|
|
|a Pamplona
|b EUNSA
|c 2008
|
| 650 |
|
0 |
|a Teoría de la educación
|9 309368
|
| 650 |
|
0 |
|a Filosofía de la educación
|9 258384
|
| 650 |
|
0 |
|a Epistemología
|9 264994
|
| 583 |
|
|
|a last modification
|c 20121025 12:11:00
|k Rodrigo Vera
|
| 490 |
0 |
|
|a Educación
|
| 999 |
|
|
|c 349845
|d 349843
|
| 952 |
|
|
|0 0
|1 0
|4 0
|6 370_100000000000000_NAV_2008
|7 0
|8 A
|9 452652
|a BIBEDU
|b BIBEDU
|d 2019-11-22
|i 4916921
|o 370.1 NAV 2008
|p 4916921
|r 2019-11-22
|w 2019-11-22
|y BK
|k EPE
|